| 000 | 01344cam a22003857a 4500 | ||
|---|---|---|---|
| 001 | 17049593 | ||
| 003 | Nust- CAS-E | ||
| 005 | 20180118181401.0 | ||
| 008 | 111118s2012 enka b 001 0 eng d | ||
| 010 | _a 2011943798 | ||
| 020 | _a9781447123088 | ||
| 020 | _a1447123085 | ||
| 020 | _z9781447123095 | ||
| 020 | _z1447123093 | ||
| 035 | _a(OCoLC)ocn817247356 | ||
| 040 |
_aJNA _cJNA _dDLC |
||
| 042 | _alccopycat | ||
| 050 | 0 | 0 |
_aTJ164 _b.T475 2012 |
| 082 |
_a621.18 _bTHE 2012 |
||
| 245 | 0 | 0 |
_aThermal power plant performance analysis / _cGilberto Francisco Martha de Souza, editor. |
| 260 |
_aLondon ; _aNew York : _bSpringer, _cc2012. |
||
| 300 |
_a287 p. : _bill. (some col.) ; _c24 cm. |
||
| 490 | 1 |
_aSpringer series in reliability engineering, _x1614-7839 |
|
| 490 | 1 |
_aSpringer series in reliability engineering, _x2191-5377 |
|
| 504 | _aIncludes bibliographical references and index. | ||
| 650 | 0 | _aPower-plants. | |
| 650 | 0 |
_aPower-plants _xReliability. |
|
| 650 | 0 | _aSteam power plants. | |
| 700 | 1 | _aSouza, Gilberto Francisco Martha de. | |
| 830 | 0 | _aSpringer series in reliability engineering. | |
| 906 |
_a7 _bcbc _ccopycat _d2 _encip _f20 _gy-gencatlg |
||
| 942 |
_2ddc _cBK |
||
| 999 |
_c355433 _d355433 |
||